Návrh zlepšenia informačného systému vo vybranom podniku diplomová práca

Na minha lista:
Detalhes bibliográficos
Autor principal: Bačová, Veronika
Autor Corporativo: Podnikovohospodárska fakulta EU so sídlom v Košiciach. Katedra kvantitatívnych metód
Outros Autores: Hudák, Matej, 1984-
Formato: Livro
Idioma:eslovaco
Publicado em: Košice 2017
Tags: Adicionar Tag
Sem tags, seja o primeiro a adicionar uma tag!

MARC

LEADER 00000nbm a2200000 4500
001 0231618
005 20171121101535.1
041 0 |a slo 
044 |a SK 
245 1 0 |a Návrh zlepšenia informačného systému vo vybranom podniku  |b diplomová práca  |c Veronika Bačová ; školiteľ: Matej Hudák 
264 1 |a Košice  |c 2017 
300 |a 69 s. 
100 1 |a Bačová, Veronika 
700 1 |a Hudák, Matej, 1984- 
710 2 |a Podnikovohospodárska fakulta EU so sídlom v Košiciach. Katedra kvantitatívnych metód